| Tag |
First Indicator |
Second Indicator |
Subfields |
| LEADER |
00000cam a2200000 a 4500 |
| 001 |
in00000084535 |
| 005 |
20151008061428.0 |
| 008 |
810702m19809999dcuaf b 00100 eng |
| 010 |
|
|
|a 80083796
|
| 035 |
|
|
|a (OCoLC)07614497
|
| 035 |
|
|
|9 AAJ8040AM
|
| 039 |
0 |
|
|a 2
|b 3
|c 3
|d 3
|e 3
|
| 040 |
|
|
|a DLC
|c DLC
|d TXA
|d UtOrBLW
|
| 049 |
|
|
|a TXAM
|v 1 [A06237660]
|v 2 [A08442318]
|
| 050 |
0 |
0 |
|a SD536.5
|b .F57
|
| 082 |
0 |
|
|a 634.9/8
|2 19
|
| 245 |
0 |
0 |
|a Firewood crops :
|b shrub and tree species for energy production : report of an ad hoc panel of the Advisory Committee on Technology Innovation, Board on Science and Technology for International Development, Commission on International Relations.
|
| 264 |
|
1 |
|a Washington, D.C. :
|b National Academy of Sciences,
|c 1980-
|
| 300 |
|
|
|a volumes :
|b illustrations, [1] leaf of plates ;
|c 26 cm.
|
| 336 |
|
|
|a text
|b txt
|2 rdacontent
|
| 337 |
|
|
|a unmediated
|b n
|2 rdamedia
|
| 338 |
|
|
|a volume
|b nc
|2 rdacarrier
|
| 500 |
|
|
|a Includes index.
|
| 500 |
|
|
|a Pages 234-237 publisher's list.
|
| 504 |
|
|
|a Bibliography: pages 191-202.
|
| 650 |
|
0 |
|a Fuelwood crops.
|
| 650 |
|
0 |
|a Trees.
|
| 650 |
|
0 |
|a Shrubs.
|
| 650 |
|
0 |
|a Botany, Economic.
|
| 710 |
2 |
|
|a National Research Council (U.S.).
|b Advisory Committee on Technology Innovation.
|
| 999 |
|
|
|a MARS
|
| 999 |
f |
f |
|s 4132ac0f-8940-336b-a8db-977b93477d35
|i d214d5ed-849b-3601-901c-a9a661143342
|t 0
|
| 952 |
f |
f |
|p ric
|a Texas A&M University
|b Rellis Campus
|c Joint Library Facility
|d Remote Storage
|t 0
|e SD536.5 .F57
|h Library of Congress classification
|i unmediated -- volume
|m A14808442318
|
| 998 |
f |
f |
|a SD536.5 .F57
|s V.2
|t 0
|l Remote Storage
|